000 00637nam a2200253Ia 4500
008 160620s9999||||xx |||||||||||||| ||und||
040 _cEnglish
082 _aXI.A/Chatterji
082 _bBORI-60788
100 _aSuniti Kumar Chatterji
245 _aIndia And Ethiopia
300 _a106
300 _cC
300 _ePaperback
530 _u00060788.pdf
563 _aStudy
600 _aSuniti Kumar Chatterji
630 _aIndia And Ethiopia
650 _a"Politics, History+ Historiography"
650 _aGeneral Indology
700 _aSuniti Kumar Chatterji
730 _aIndia And Ethiopia
942 _cBOOK
999 _c1391194
_d1391191